000 00329nam a2200133Ia 4500
008 221030s9999 xx 000 0 und d
041 _aEnglish
100 _aGovt. of J & K
245 0 _a1974 Supplement; The Laws of ( J & K)
_cby Govt. of J & K
260 _bJ & K Govt.
_c1974
300 _a141
650 _aLaw
942 _cBK
999 _c19020
_d19020